[Event "Velden op"]
[Site "Velden"]
[Date "2008.09.13"]
[Round "1"]
[White "Vitouch, Anatol"]
[Black "Amon, Hannes"]
[Result "1-0"]
[WhiteElo "2230"]
[BlackElo "1947"]
[PlyCount "57"]
[EventDate "2008.09.13"]
[EventType "swiss"]
[EventRounds "9"]
[EventCountry "AUT"]
[SourceTitle "EXT 2009"]
[Source "ChessBase"]
[SourceDate "2008.11.26"]
[SourceVersion "1"]
[SourceVersionDate "2008.11.26"]
[SourceQuality "1"]

1. Nf3 d5 2. g3 g6 3. c4 d4 4. b4 Bg7 5. d3 Bg4 6. Bg2 Nd7 7. Nbd2 e5 8. h3 Be6 9. Nb3 Ne7 10. Ng5 0-0 11. Nxe6 fxe6 12. h4 Qe8 13. Bxb7 Rb8 14. Bf3 Rxb4 15. Ba3 Rb8 16. h5 Rf6 17. Nd2 gxh5 18. Bxh5 Ng6 19. Ne4 Rf7 20. Bf3 Bf8 21. Qa4 Bxa3 22. Qxa3 Qf8 23. Qxf8+ Ndxf8 24. 0-0 Re7 25. Rfb1 Rb6 26. a4 a5 27. Rb5 Nd7 28. Rxa5 Re8 29. c5 1-0

[Event "Graz op-B"]
[Site "Graz"]
[Date "2008.09.07"]
[Round "9"]
[White "Pucher, Michael"]
[Black "Amon, Hannes"]
[Result "1/2-1/2"]
[WhiteElo "1969"]
[BlackElo "1947"]
[PlyCount "114"]
[EventDate "2008.08.30"]
[EventType "swiss"]
[EventRounds "9"]
[EventCountry "AUT"]
[SourceTitle "EXT 2022"]
[Source "ChessBase"]
[SourceDate "2021.10.06"]
[SourceVersion "1"]
[SourceVersionDate "2021.10.06"]
[SourceQuality "1"]

1. d4 d5 2. Nf3 Nf6 3. e3 Bg4 4. Bd3 Nbd7 5. Nbd2 e5 6. dxe5 Nxe5 7. h3 Nxd3+ 8. cxd3 Bf5 9. Qb3 b6 10. 0-0 Bc5 11. e4 Be6 12. Ng5 0-0 13. Nxe6 fxe6 14. Nf3 dxe4 15. dxe4 Qe8 16. Ng5 Kh8 17. Nxe6 Nxe4 18. Nxf8 Nxf2 19. Ne6 Nxh3+ 20. Kh2 Nf2 21. Ng5 Qh5+ 22. Nh3 Ng4+ 23. Kh1 Nf2+ 24. Rxf2 Bxf2 25. Qf3 Qxf3 26. gxf3 Bd4 27. Rb1 Re8 28. Bf4 c5 29. Ng1 b5 30. b3 Re6 31. Kg2 h5 32. Kf1 c4 33. bxc4 bxc4 34. Ne2 Bb6 35. Rc1 Rc6 36. Rc2 a5 37. Be5 Kh7 38. f4 Kg6 39. Nc3 Kf5 40. Nd5 Bd8 41. Ne3+ Ke4 42. Nxc4 g6 43. Nd6+ Kd5 44. Rd2+ Ke6 45. Nb5 Bb6 46. Ke2 Kf5 47. Kf3 g5 48. Rd6 g4+ 49. Kg3 Rxd6 50. Nxd6+ Ke6 51. Nc4 Bd8 52. Bc3 a4 53. Bb2 Kf5 54. Nd6+ Ke6 55. Ne4 Kf5 56. Nd6+ Ke6 57. Nb7 Be7 1/2-1/2

[Event "Graz op-B"]
[Site "Graz"]
[Date "2008.09.06"]
[Round "8"]
[White "Amon, Hannes"]
[Black "Mosshammer, Michael"]
[Result "1-0"]
[WhiteElo "1947"]
[BlackElo "1793"]
[PlyCount "69"]
[EventDate "2008.08.30"]
[EventType "swiss"]
[EventRounds "9"]
[EventCountry "AUT"]
[SourceTitle "EXT 2022"]
[Source "ChessBase"]
[SourceDate "2021.10.06"]
[SourceVersion "1"]
[SourceVersionDate "2021.10.06"]
[SourceQuality "1"]

1. e4 e5 2. Nf3 Nc6 3. Bc4 Nf6 4. Ng5 d5 5. exd5 Na5 6. Bb5+ Bd7 7. Qe2 Bd6 8. Nc3 Nxd5 9. Nxf7 Nxc3 10. Nxd6+ cxd6 11. dxc3 0-0 12. h4 a6 13. Bd3 Bc6 14. Bg5 Qd7 15. f3 Rae8 16. 0-0-0 b5 17. Rh3 Qe6 18. b3 d5 19. Qd2 Nb7 20. Re1 a5 21. h5 a4 22. h6 g6 23. b4 d4 24. Kb1 Qd5 25. Be4 Qc4 26. Bxc6 Qxc6 27. cxd4 exd4 28. Rxe8 Qxe8 29. Qxd4 Qe1+ 30. Bc1 Rf7 31. f4 Qe8 32. Re3 Qf8 33. Bb2 Rxf4 34. Qh8+ Kf7 35. Qxh7+ 1-0

[Event "Vlissingen HZ op 12th"]
[Site "Vlissingen"]
[Date "2008.08.06"]
[Round "6"]
[White "Amon, Hannes"]
[Black "In't Veld, Rene"]
[Result "0-1"]
[WhiteElo "1947"]
[BlackElo "2102"]
[PlyCount "96"]
[EventDate "2008.08.02"]
[EventType "swiss"]
[EventRounds "9"]
[EventCountry "NED"]
[SourceTitle "CBM 125 Extra"]
[Source "ChessBase"]
[SourceDate "2008.09.01"]
[SourceVersion "1"]
[SourceVersionDate "2008.09.01"]
[SourceQuality "1"]

1. c4 e5 2. Nc3 Bb4 3. g3 Nf6 4. Bg2 0-0 5. d3 c6 6. Nf3 Re8 7. 0-0 Na6 8. Bg5 h6 9. Bxf6 Qxf6 10. Ne4 Qe7 11. a3 d5 12. cxd5 cxd5 13. Nc3 Bxc3 14. bxc3 Bg4 15. Nd2 d4 16. c4 Nc5 17. Ne4 Rac8 18. Nxc5 Rxc5 19. Bf3 Bxf3 20. exf3 Qd7 21. Re1 Re6 22. Ra2 Ra6 23. a4 Qf5 24. Rae2 f6 25. Rb2 Qc8 26. Qb1 b6 27. Ra2 Qc6 28. Qd1 Rca5 29. Re4 Rxa4 30. Rxa4 Qxa4 31. Qxa4 Rxa4 32. f4 Ra3 33. fxe5 fxe5 34. Rxe5 Rxd3 35. Re7 Ra3 36. Rd7 d3 37. Rd6 Rb3 38. Kf1 a5 39. Ke1 a4 40. Rd7 a3 41. Ra7 Kf8 42. f4 Ke8 43. Kd2 h5 44. Rxg7 Rb2+ 45. Kxd3 Rxh2 46. Ke3 Rh3 47. Kf2 a2 48. Ra7 Rh1 0-1

[Event "Vlissingen HZ op 12th"]
[Site "Vlissingen"]
[Date "2008.08.03"]
[Round "3"]
[White "Amon, Hannes"]
[Black "Ortiz, Nadya Karolina"]
[Result "1/2-1/2"]
[WhiteElo "1947"]
[BlackElo "2249"]
[PlyCount "129"]
[EventDate "2008.08.02"]
[EventType "swiss"]
[EventRounds "9"]
[EventCountry "NED"]
[SourceTitle "CBM 125 Extra"]
[Source "ChessBase"]
[SourceDate "2008.09.01"]
[SourceVersion "1"]
[SourceVersionDate "2008.09.01"]
[SourceQuality "1"]

1. c4 e5 2. Nc3 d6 3. d3 g6 4. g3 Bg7 5. Bg2 f5 6. e3 Nf6 7. Nge2 c6 8. 0-0 0-0 9. b4 Be6 10. b5 d5 11. bxc6 bxc6 12. cxd5 cxd5 13. d4 e4 14. Nf4 Bf7 15. Ba3 Re8 16. Qd2 g5 17. Nfe2 Qa5 18. Bc5 Nbd7 19. Nxe4 Qxd2 20. Nxd2 Nxc5 21. dxc5 Ne4 22. Nxe4 dxe4 23. Nd4 Re5 24. Rac1 Bxa2 25. Nxf5 Rxf5 26. Bxe4 Rff8 27. Bxa8 Rxa8 28. c6 Kf7 29. Rfd1 Be6 30. Rb1 a5 31. Rb7+ Kf6 32. c7 Rc8 33. Ra1 Bf8 34. Rxa5 Bd6 35. Ra6 Bxc7 36. Rc6 Be5 37. Rxc8 Bxc8 38. Rxh7 g4 39. Rh8 Bd7 40. f4 Bc3 41. Rf8+ Ke6 42. Kf2 Bb4 43. Rd8 Ke7 44. Rxd7+ Kxd7 45. Kg2 Ke6 46. e4 Kd6 47. h3 gxh3+ 48. Kxh3 Kc5 49. Kg4 Be1 50. Kf3 Kd4 51. g4 Bb4 52. g5 Bf8 53. f5 Ke5 54. f6 Bc5 55. Kg4 Bd4 56. Kh5 Kxe4 57. Kg6 Kf4 58. f7 Bc5 59. Kf6 Bd4+ 60. Ke6 Bg7 61. g6 Kg5 62. f8Q Bxf8 63. Kf7 Bh6 64. g7 Bxg7 65. Kxg7 1/2-1/2